|
|
|
|
| LEADER |
00000nam0a2200000 4500 |
| 001 |
26786 |
| 005 |
20231101205742.0 |
| 010 |
|
|
|a 9660306067
|
| 035 |
|
|
|a (RuTPU)RU\TPU\book\27030
|
| 035 |
|
|
|a BOOK00027105
|
| 090 |
|
|
|a 26786
|
| 100 |
|
|
|a 20011209d1999 k y0rusy50 ca
|
| 101 |
1 |
|
|a rus
|c ger
|
| 102 |
|
|
|a UA
|
| 105 |
|
|
|a y z 000zy
|
| 200 |
1 |
|
|a Очерки по психологии сексуальности
|e пер. с нем.
|f З. Фрейд
|
| 210 |
|
|
|a Харьков
|c Фолио
|d 1999
|
| 215 |
|
|
|a 381 с.
|
| 225 |
1 |
|
|a Психология
|
| 225 |
1 |
|
|a Мастера
|
| 606 |
|
|
|a Психоанализ
|x Психология
|2 stltpush
|3 (RuTPU)RU\TPU\subj\53114
|9 71464
|
| 610 |
1 |
|
|a психология
|
| 610 |
1 |
|
|a личность
|
| 610 |
1 |
|
|a сексуальность
|
| 686 |
|
|
|a Ю932
|v LBC/SL-A
|2 rubbk
|
| 700 |
|
1 |
|a Фрейд
|b З.
|c австрийский врач-психиатр
|c психолог
|c основатель психоанализа
|f 1856-1939
|g Зигмунд
|2 stltpush
|3 (RuTPU)RU\TPU\pers\479
|9 231
|
| 801 |
|
0 |
|a UA
|b 63413507
|c 20011209
|g PSBO
|
| 801 |
|
2 |
|a RU
|b 63413507
|c 20191003
|g PSBO
|
| 900 |
|
|
|a Психология
|
| 942 |
|
|
|c BK
|